00523nam a2200157 a 450000500170000000800410001702000180005805000230007610000220009924500440012126000350016530000130020065000130021399900190022695201200024520140412111425.0090627s19uu xx 00 eng d a0-439-02717-9 aTR(PS EbHo83 2007 aKimmelman, Leslie aHow do i love you? /cLeslie Kimmelman. aNew York :bScholastic,c2007. a1v. unp. aCounting c106208d106208 00104050aELbELcTRd2009-06-27eGiftg165.00l0oTR(PS E Ho83 2007pE11437r2014-04-12 00:00:00w2014-04-12yBK